[Event "JUG-chT"]
[Site "Cetinje"]
[Date "1993.??.??"]
[Round "?"]
[White "Scekic, Milos"]
[Black "Nestorovic, Dejan"]
[Result "0-1"]
[WhiteElo "2315"]
[BlackElo "2380"]

1.d4 Nf6 2.c4 g6 3.Nc3 d5 4.cxd5 Nxd5 5.e4 Nxc3 6.bxc3 Bg7 7.Bc4 Nc6 8.Ne2 O-O
9.Be3 e5 10.Rc1 Na5 11.Bd3 Qe7 12.Qd2 b6 13.h4 h5 14.Bh6 c5 15.d5 c4 16.Bc2 Nb7
17.Bg5 f6 18.Be3 Nd6 19.Ng3 Bd7 20.O-O Rae8 21.a4 Bc8 22.Rb1 Rf7 23.Rfe1 Qf8
24.f3 Kh7 25.Rb2 Bh6 26.Bd1 Bxe3+ 27.Qxe3 Qh6 28.Qxh6+ Kxh6 29.Kf2 Rc7 30.Nf1 Rc5
31.Bc2 f5 32.Bd1 fxe4 33.fxe4 Rf8+ 34.Ke3 Rf4 35.Bc2 Rc7 36.Nh2 Bg4 37.g3 Rf6
38.Nxg4+ hxg4 39.Bd1 Kh5 40.a5 b5 41.a6 Rcf7 42.Rg2 Ne8 43.Rb2 Nc7 44.Ra2 Nxa6
45.Ra5 Nc7 46.Be2 a6 47.Rd1 Rd6 48.Rf1 Rxf1 49.Bxf1 Ne8 50.Be2 Nf6 51.Ra1 Nd7
52.Rf1 Rf6 53.Rh1 Nc5 54.Rd1 Nb7 55.Rb1 Nd6 56.Ra1 Nf7 57.Rh1 a5 58.Rb1 Nd6
59.Ra1 a4 60.Rh1 Rf7 61.Rh2 Ra7 62.Bd1 Rf7 63.Rh1 Rf8 64.Be2 Ra8 65.Ra1 g5
66.hxg5 Kxg5 67.Ra2 Rh8 68.Bf1 Rh1 69.Bg2 Rd1 70.Rd2 Rc1  0-1

[Event "JUG-chT"]
[Site "Cetinje"]
[Date "1993.??.??"]
[Round "?"]
[White "Scekic, Milos"]
[Black "Stankovic, Dragan"]
[Result "1/2-1/2"]
[WhiteElo "2315"]
[BlackElo "2290"]

1.d4 Nf6 2.c4 g6 3.Nc3 d5 4.cxd5 Nxd5 5.e4 Nxc3 6.bxc3 Bg7 7.Bc4 c5 8.Ne2 Nc6
9.Be3 O-O 10.O-O Qc7 11.Rc1 Rd8 12.h3 Na5 13.Bd3 e6 14.Qd2 b6 15.e5 Bb7 16.Bg5 Rf8
17.Ng3 f5 18.h4 Qc6 19.f3 cxd4 20.cxd4 Qd7 21.Ne2 Rfc8 22.h5 Bd5 23.hxg6 hxg6
24.Ba6 Bb7 25.Bxb7 Qxb7 26.Nf4 Qd7 27.Nxg6 Kf7 28.Nh4 Nc6 29.Rcd1 Qd5 30.g3 Rc7
31.Ng2 Rd7 32.Be3 Qb5 33.Rb1 Qa4 34.Qd1 Qxd1 35.Rfxd1 Rad8 36.Bg5 Ne7 37.Bxe7 Kxe7
38.Nf4 Rxd4 39.Rxd4 Rxd4 40.Re1 Ra4 41.Re2 Ra3 42.Kf2 Bh6 43.Ng2 Bf8 44.g4 fxg4
45.fxg4 Kf7 46.Nh4 Bh6 47.Rc2 Bf4 48.Rc7+ Ke8 49.Ng6 Bg5 50.Nh8 Rxa2+ 51.Kg3 Ra3+
52.Kg2 Bf4 53.Ng6 Bg5 54.Nh8 Ra4 55.Kh3 Ra5 56.Nf7 Be7 57.Nd6+ Kf8 58.Rc8+ Kg7
59.Rc7 Ra3+ 60.Kg2 Ra2+ 61.Kf3 Ra3+ 62.Ke4 Ra4+ 63.Kd3 Kf8  1/2-1/2

[Event "Ceuta"]
[Site "Ceuta"]
[Date "1993.??.??"]
[Round "4"]
[White "Cramling, Pia"]
[Black "Lalic, Bogdan"]
[Result "1/2-1/2"]
[WhiteElo "2525"]
[BlackElo "2520"]

1.d4 Nf6 2.c4 g6 3.Nc3 d5 4.cxd5 Nxd5 5.e4 Nxc3 6.bxc3 Bg7 7.Bc4 c5 8.Ne2 Nc6
9.Be3 O-O 10.O-O Bg4 11.f3 Bd7 12.Rb1 Rc8 13.Bd3 Na5 14.Qd2 cxd4 15.cxd4 b5
16.Rfc1 Qb6 17.d5 Qa6 18.Qb4 Nc4 19.Bxc4 Rxc4 20.Qxe7 Qxa2 21.Kf2 Bc8 22.Qxa7 Ra4
23.Qc5 Ba6 24.Rb4 f5 25.Rc2 Qa1 26.d6 Qe5 27.exf5 Qxc5 28.Bxc5 Rxf5 29.Rxa4 bxa4
30.Ba3 Rd5 31.Nf4 Rd1 32.Ne6 Be5 33.Rc6 Bb5 34.Rc8+ Kf7 35.Ng5+ Kg7 36.Rc7+ Kg8
37.Rc8+ Kg7 38.Rc7+ Kg8 39.Rb7 Ba6 40.Rb8+ Kg7 41.Ra8 Bb5 42.Ra7+ Kg8 43.Ra8+ Kg7
44.Ra7+ Kg8 45.Ra5 Rd2+ 46.Ke1 Re2+ 47.Kd1 Re1+ 48.Kxe1 Bc3+ 49.Kf2 Bxa5
50.Ke3 h6 51.Ne6 Kf7 52.Nc5 Bc3 53.Ke4 Bc6+ 54.Kd3 Be5 55.d7 Ke7 56.Nxa4+ Kxd7
57.Nc5+ Ke8  1/2-1/2

[Event "Ceuta"]
[Site "Ceuta"]
[Date "1993.??.??"]
[Round "6"]
[White "Cramling, Pia"]
[Black "Sion Castro, Marcelino"]
[Result "1-0"]
[WhiteElo "2525"]
[BlackElo "2385"]

1.d4 Nf6 2.c4 g6 3.Nc3 d5 4.cxd5 Nxd5 5.e4 Nxc3 6.bxc3 Bg7 7.Bc4 c5 8.Ne2 Nc6
9.Be3 O-O 10.O-O Bg4 11.f3 Bd7 12.Rb1 Rc8 13.Bd3 e5 14.d5 Na5 15.Qd2 Qe7
16.f4 exf4 17.Bxf4 Be5 18.Kh1 f6 19.Ng1 Bxf4 20.Qxf4 b6 21.Nf3 Rce8 22.Rbe1 Nb7
23.Qg3 Nd6 24.e5 fxe5 25.Rxe5 Qf6 26.Rxe8 Rxe8 27.Ng5 Qe5 28.Qh4 Qe7 29.Qf4 Qe5
30.Qh4 Qe7 31.c4 Bf5 32.Bxf5 Nxf5 33.Qf4 Qe5 34.g4 Qxf4 35.Rxf4 Re1+ 36.Kg2 Nd6
37.Rf6 Nxc4 38.d6 Rd1 39.Ne6 h6 40.Rf8+ Kh7 41.Rf7+ Kg8 42.Rf8+ Kh7 43.Rf7+ Kg8
44.Rg7+ Kh8 45.d7 Ne5 46.Re7 Nxd7 47.Re8+ Kh7 48.Rd8 Rd2+ 49.Kf1 Rxa2 50.Rxd7+ Kh8
51.h3 a5 52.Rb7 c4 53.Rxb6 c3 54.Rc6 c2 55.Ke1 Ra1+ 56.Kd2 Rh1 57.Nf4 g5
58.Nh5 Rxh3 59.Rxh6+  1-0

[Event "Cheliabinsk"]
[Site "Cheliabinsk"]
[Date "1993.??.??"]
[Round "?"]
[White "Sherbakov, Ruslan"]
[Black "Vakhidov, Tahir"]
[Result "1/2-1/2"]
[WhiteElo "2580"]
[BlackElo "2470"]

1.d4 Nf6 2.c4 g6 3.Nc3 d5 4.cxd5 Nxd5 5.e4 Nxc3 6.bxc3 Bg7 7.Be3 O-O 8.Qd2 c5
9.Rc1 Qa5 10.Nf3 cxd4 11.cxd4 Qxd2+ 12.Nxd2 Rd8 13.Nb3 e6 14.Bg5 Rf8 15.Bb5 Bd7
16.Bxd7 Nxd7 17.Rc7 Nb6 18.Rxb7 Rfc8 19.O-O Rc2 20.Ra1 h6 21.Be7 Na4 22.Kf1 Nb2
23.Re1 Nd3 24.Re2 Rac8 25.Rb8 Rxb8 26.Rxc2 Bf8 27.Bxf8 Kxf8 28.Rd2 Nb4 29.Nc5 Rc8
30.Ke2 Kg7 31.f4 Rd8 32.Ke3 Nc6 33.g4 Kg8 34.h4 Kg7 35.d5 exd5 36.exd5 Ne7
37.d6 Nc8 38.d7 Nb6 39.Kf3 Kf8 40.g5 hxg5 41.hxg5 Ke7 42.Re2+ Kf8 43.Rd2 Ke7
44.Rb2 Kf8 45.Rc2 Ke7 46.Rb2 Kf8 47.Rc2 Ke7 48.a4 Nxd7 49.Nb7 Rb8 50.Rc7 Ke6
51.Rc6+ Ke7 52.Rc7 Ke6 53.a5 a6 54.Rc6+ Ke7 55.Rc7 Ke6 56.Kg4 f6 57.Rc6+ Ke7
58.Rc7 Ke6 59.gxf6 Nxf6+ 60.Kg5 Ne4+ 61.Kg4  1/2-1/2

[Event "Cheliabinsk"]
[Site "Cheliabinsk"]
[Date "1993.??.??"]
[Round "?"]
[White "Kiselev, Sergey"]
[Black "Vakhidov, Tahir"]
[Result "1/2-1/2"]
[WhiteElo "2470"]
[BlackElo "2470"]

1.d4 Nf6 2.c4 g6 3.Nc3 d5 4.cxd5 Nxd5 5.e4 Nxc3 6.bxc3 Bg7 7.Bb5+ c6 8.Ba4 b5
9.Bb3 b4 10.Ne2 bxc3 11.Be3 Ba6 12.Rc1 Nd7 13.e5 e6 14.Nxc3 c5 15.f4 O-O
16.dxc5 g5 17.Qd6 gxf4 18.Bxf4 Rc8 19.Ne4 Bb5 20.Bg5 Qa5+ 21.Bd2 Qd8 22.Bg5 Qa5+
23.Bd2  1/2-1/2

[Event "Cherepovets"]
[Site "Cherepovets"]
[Date "1993.??.??"]
[Round "?"]
[White "Mitenkov, Alexey"]
[Black "Polovodin, Igor A"]
[Result "1-0"]
[WhiteElo "2420"]
[BlackElo "2445"]

1.d4 Nf6 2.c4 g6 3.Nc3 d5 4.cxd5 Nxd5 5.e4 Nxc3 6.bxc3 Bg7 7.Nf3 c5 8.Rb1 O-O
9.Be2 cxd4 10.cxd4 Qa5+ 11.Qd2 Qxd2+ 12.Bxd2 b6 13.O-O Bb7 14.d5 Ba6 15.Bxa6 Nxa6
16.Be3 f5 17.e5 Rfd8 18.Rfd1 Nc7 19.d6 exd6 20.Bg5 Rd7 21.Rxd6 Rxd6 22.exd6 Ne6
23.d7 Nxg5 24.Nxg5 Bf6 25.Re1 Rf8 26.Ne6  1-0

[Event "Cherepovets"]
[Site "Cherepovets"]
[Date "1993.??.??"]
[Round "?"]
[White "Tunik, Gennady"]
[Black "Polovodin, Igor A"]
[Result "1/2-1/2"]
[WhiteElo "2465"]
[BlackElo "2445"]

1.d4 Nf6 2.c4 g6 3.Nc3 d5 4.cxd5 Nxd5 5.e4 Nxc3 6.bxc3 Bg7 7.Bb5+ Bd7 8.Bxd7+ Qxd7
9.Nf3 c5 10.O-O O-O 11.Rb1 cxd4 12.cxd4 Nc6 13.d5 Na5 14.Bb2 Bxb2 15.Rxb2 b6
16.Qd2 e6 17.Qh6 exd5 18.Rd2 f6 19.Rxd5 Qe7 20.Rfd1 Rad8 21.h4 Rxd5 22.Rxd5 Nc6
23.Qf4 Rd8 24.h5 Rxd5 25.exd5 Ne5 26.h6 Nxf3+ 27.gxf3 Qe5 28.Qc4 Kf8 29.f4 Qf5
30.Qb4+  1/2-1/2

[Event "Cherepovets"]
[Site "Cherepovets"]
[Date "1993.??.??"]
[Round "?"]
[White "Dommes, Vladimir M"]
[Black "Mishuchkov, Nikolai M"]
[Result "0-1"]
[WhiteElo "2320"]
[BlackElo "2380"]

1.d4 Nf6 2.c4 g6 3.Nc3 d5 4.cxd5 Nxd5 5.e4 Nxc3 6.bxc3 Bg7 7.Bc4 c5 8.Ne2 O-O
9.O-O Nc6 10.Be3 Bd7 11.Qd2 Rc8 12.Bd5 cxd4 13.cxd4 Qa5 14.Qb2 e6 15.Bxc6 Bxc6
16.f3 Bb5 17.Rfd1 Rfd8 18.Ng3 Qa4  0-1

[Event "Chicago op"]
[Site "Chicago"]
[Date "1993.??.??"]
[Round "3"]
[White "Eckert, Doug D"]
[Black "Stone, Raymond"]
[Result "1/2-1/2"]
[WhiteElo "2290"]
[BlackElo "2365"]

1.d4 Nf6 2.c4 g6 3.Nc3 d5 4.cxd5 Nxd5 5.e4 Nxc3 6.bxc3 Bg7 7.Bc4 c5 8.Ne2 O-O
9.O-O Nc6 10.Be3 Na5 11.Bd3 b6 12.Qd2 cxd4 13.cxd4 e6 14.Bh6 Bb7 15.Bxg7 Kxg7
16.Rac1 Rc8 17.Rxc8 Qxc8 18.Ng3 Qd8 19.Qb2 Kg8 20.Rd1 Qe7 21.Bf1 Rd8 22.Qd2 f5
23.exf5 exf5 24.Qf4 Bd5 25.Rc1 Qd6 26.Qg5 Kh8 27.h4  1/2-1/2

[Event "Clichy"]
[Site "Clichy"]
[Date "1993.??.??"]
[Round "7"]
[White "Spacek, Petr"]
[Black "Mohandesi, Shahin"]
[Result "1/2-1/2"]
[WhiteElo "2390"]
[BlackElo "2310"]

1.d4 Nf6 2.c4 g6 3.Nc3 d5 4.cxd5 Nxd5 5.e4 Nxc3 6.bxc3 Bg7 7.Nf3 c5 8.Rb1 O-O
9.Be2 cxd4 10.cxd4 Qa5+ 11.Qd2 Qxd2+ 12.Bxd2 e6 13.O-O b6 14.Rfc1 Bb7 15.Bb4 Rd8
16.Bb5 Bf8 17.Bxf8 Rxf8 18.Nd2 Na6 19.f3 Rfd8 20.Rc4 e5 21.d5 Nc5 22.Nb3 Nxb3
23.Rxb3 Rac8 24.Rbc3 Rxc4 25.Rxc4 a6 26.Ba4 b5 27.Rc7 Bxd5 28.exd5 bxa4 29.Rc5 Rb8
30.Rc4 a3 31.Rc3 Rb1+ 32.Kf2 Rb2+ 33.Ke3 f5 34.Rxa3 Rxg2 35.h4 Rh2 36.Rxa6 Rxh4
37.Re6 Ra4 38.Rxe5 Kf7 39.d6 f4+ 40.Kd3 Ra6 41.d7 Rd6+ 42.Ke4 Rxd7 43.a4 Kf6
44.Kxf4 Rd3 45.Ra5 Rd7 46.Kg3  1/2-1/2

[Event "Copenhagen op15"]
[Site "Copenhagen"]
[Date "1993.??.??"]
[Round "2"]
[White "Ward, Christopher"]
[Black "Rytshagov, Mikhail"]
[Result "1-0"]
[WhiteElo "2430"]
[BlackElo "2435"]

1.d4 Nf6 2.c4 g6 3.Nc3 d5 4.cxd5 Nxd5 5.e4 Nxc3 6.bxc3 Bg7 7.Bc4 c5 8.Ne2 Nc6
9.Be3 O-O 10.Rc1 Bd7 11.h4 Qa5 12.Kf1 b5 13.Bb3 c4 14.Bc2 h5 15.e5 Rad8 16.Nf4 Bg4
17.Qe1 e6 18.f3 Bf5 19.g4 Bxc2 20.Rxc2 Qa4 21.Rhh2 b4 22.gxh5 bxc3 23.Qxc3 Nb4
24.Rb2 Nd3 25.Nxd3 cxd3 26.Rbd2 Rc8 27.Qxd3 Rc1+ 28.Kf2 f5 29.exf6 Rxf6 30.hxg6 Qc6
31.d5 exd5 32.Qxd5+ Qxd5 33.Rxd5 Rc2+ 34.Rd2 Rxd2+ 35.Bxd2 Rxg6 36.Bg5 Ra6
37.Kg3 Be5+ 38.f4 Bd6 39.h5 Bf8 40.Kg4 Rc6 41.Rb2 Rc7 42.Rb8 Kf7 43.h6 Rc2
44.Rb7+ Ke6 45.Rxa7 Rg2+ 46.Kh3  1-0

[Event "CUB-ch"]
[Site "?"]
[Date "1993.??.??"]
[Round "10"]
[White "Pecorelli Garcia, Humberto"]
[Black "Herrera, Irisberto"]
[Result "1-0"]
[WhiteElo "2405"]
[BlackElo "2365"]

1.d4 Nf6 2.c4 g6 3.Nc3 d5 4.cxd5 Nxd5 5.e4 Nxc3 6.bxc3 Bg7 7.Bc4 c5 8.Ne2 O-O
9.O-O Nc6 10.Be3 Bg4 11.f3 Na5 12.Bd3 cxd4 13.cxd4 Be6 14.Rc1 Bxa2 15.Qa4 Be6
16.d5 Bd7 17.Qb4 e6 18.Nc3 exd5 19.Nxd5 Bc6 20.Ne7+ Kh8 21.Rfd1 Bf6 22.Bc5 b6
23.Bd6 Ba4 24.Nd5 Bxd1 25.Nxf6 Qxf6 26.Bxf8 Bb3 27.Be7 Qe5 28.Bd6 Qf6 29.f4 Kg8
30.Be5 Qd8 31.Ba6 Be6 32.f5 gxf5 33.Rc3 f6 34.Rd3 Qf8 35.Rg3+ Kf7 36.Bd6 Qh6
37.Qc3 Rd8 38.Rh3 Qg7 39.e5 fxe5 40.Bxe5 Rd1+ 41.Kf2 Rd2+ 42.Ke1  1-0

[Event "Cuxhaven op"]
[Site "Cuxhaven"]
[Date "1993.??.??"]
[Round "4"]
[White "Mowsziszian, Karen"]
[Black "David, Adrian"]
[Result "1-0"]
[WhiteElo "2480"]
[BlackElo "2305"]

1.d4 Nf6 2.c4 g6 3.Nc3 d5 4.cxd5 Nxd5 5.e4 Nxc3 6.bxc3 Bg7 7.Be3 c5 8.Rc1 Qa5
9.Qd2 e6 10.Nf3 O-O 11.h4 cxd4 12.cxd4 Qxd2+ 13.Kxd2 Nc6 14.Bb5 Rd8 15.Bxc6 bxc6
16.e5 Bb7 17.h5 gxh5 18.Rxh5 Rd5 19.Rch1 Ra5 20.Bg5 c5 21.Rxh7 cxd4 22.Rxg7+ Kxg7  1-0

[Event "Cuxhaven op"]
[Site "Cuxhaven"]
[Date "1993.??.??"]
[Round "7"]
[White "Blancke, Stefan"]
[Black "Jasnikowski, Zbigniew"]
[Result "1/2-1/2"]
[WhiteElo "2275"]
[BlackElo "2450"]

1.d4 Nf6 2.c4 g6 3.Nc3 d5 4.cxd5 Nxd5 5.e4 Nxc3 6.bxc3 Bg7 7.Nf3 c5 8.Rb1 O-O
9.Be2 cxd4 10.cxd4 Qa5+ 11.Bd2 Qxa2 12.O-O a5 13.d5 Bg4 14.Rxb7 Nd7 15.Bg5 Rfb8
16.Rxb8+ Rxb8 17.h3 Bxf3 18.Bxf3 Qa3 19.Bg4 Ne5 20.Qc2 Nxg4 21.hxg4 Qd6 22.Qa4  1/2-1/2

[Event "Cuxhaven op"]
[Site "Cuxhaven"]
[Date "1993.??.??"]
[Round "9"]
[White "Dankert, Peter"]
[Black "Jasnikowski, Zbigniew"]
[Result "1/2-1/2"]
[WhiteElo "2290"]
[BlackElo "2450"]

1.d4 Nf6 2.c4 g6 3.Nc3 d5 4.cxd5 Nxd5 5.e4 Nxc3 6.bxc3 Bg7 7.Bb5+ c6 8.Ba4 O-O
9.Ne2 e5 10.O-O Nd7 11.Be3 Re8 12.f3 b5 13.Bb3 Nb6 14.a4 Qc7 15.a5 Nc4 16.Bxc4 bxc4
17.dxe5 Bxe5 18.f4 Bg7 19.e5 f6 20.Bc5 fxe5 21.Bd6 Qd8 22.Bxe5 Qxd1 23.Rfxd1 Bxe5
24.fxe5 Bg4 25.Rd2 Rxe5 26.Nd4 Bd7 27.Nf3  1/2-1/2

[Event "CZE-ch"]
[Site "?"]
[Date "1993.??.??"]
[Round "5"]
[White "Pastor, Karel Jr"]
[Black "Pribyl, Josef"]
[Result "0-1"]
[WhiteElo "2180"]
[BlackElo "2470"]

1.d4 Nf6 2.c4 g6 3.Nc3 d5 4.cxd5 Nxd5 5.e4 Nxc3 6.bxc3 Bg7 7.Be3 c5 8.Qd2 Qa5
9.Rc1 e6 10.Nf3 O-O 11.Bh6 cxd4 12.Bxg7 Kxg7 13.cxd4 Nc6 14.Rc5 Qxd2+ 15.Kxd2 Bd7
16.d5 exd5 17.exd5 Nb8 18.Bd3 Rd8 19.Re1 Bg4 20.Rc7 Rxd5 21.Ree7 Nd7 22.Kc3 Rc5+
23.Rxc5 Nxc5 24.Bc4 Rf8 25.Rc7 Ne4+ 26.Kd4 Nd6 27.Nd2 Rd8 28.Kc3 Be6 29.a4 Nxc4
30.Nxc4 Rd1 31.Kc2 Rf1 32.Ne3 Rxf2+ 33.Kc3 Ra2  0-1

[Event "CZE-ch"]
[Site "?"]
[Date "1993.??.??"]
[Round "9"]
[White "Mikulcik, Ladislav"]
[Black "Pribyl, Josef"]
[Result "0-1"]
[WhiteElo "2250"]
[BlackElo "2470"]

1.d4 Nf6 2.c4 g6 3.Nc3 d5 4.cxd5 Nxd5 5.e4 Nxc3 6.bxc3 Bg7 7.Bc4 c5 8.Ne2 Nc6
9.Be3 O-O 10.O-O Qc7 11.Rc1 Rd8 12.Qd2 Qa5 13.Rfd1 cxd4 14.cxd4 Qxd2 15.Rxd2 e6
16.Bg5 f6 17.Bf4 Na5 18.Bd3 b6 19.Bc7 Rf8 20.Bb5 Rf7 21.d5 exd5 22.exd5 Bd7
23.Bxd7 Rxd7 24.Rd3 Re8 25.Kf1 Bf8 26.Bf4 Bc5 27.Bd2 Nb7 28.Bc3 f5 29.Rcd1 Re4
30.g3 Ra4 31.R1d2 Nd6 32.Nc1 Ne4 33.Rc2 Rc4 34.f3 Rxc3 35.Rcxc3 Nxc3 36.Rxc3 Rxd5
37.Nd3 Kf7 38.Ke2 Ke7 39.f4 Bd6 40.Rc8 Ra5 41.Rc2 Ra4 42.Kf3 Ke6 43.Rd2 Rd4
44.Re2+ Kd5 45.Nc1 a5 46.Re8 Rd2 47.h4 Kc4 48.Rh8 Bc5 49.Ne2 Rxa2 50.Rxh7 Ra1
51.g4 Rf1+ 52.Kg3 Kd3  0-1

[Event "CZE-chT"]
[Site "?"]
[Date "1993.??.??"]
[Round "?"]
[White "Sobek, Jaroslav"]
[Black "Frolik, Martin"]
[Result "1/2-1/2"]
[WhiteElo "2280"]
[BlackElo "2285"]

1.d4 Nf6 2.c4 g6 3.Nc3 d5 4.cxd5 Nxd5 5.e4 Nxc3 6.bxc3 Bg7 7.Bb5+ c6 8.Ba4 O-O
9.Ne2 b5 10.Bb3 Bb7 11.O-O c5 12.e5 Na6 13.Be3 c4 14.Bc2 Nc7 15.Qd2 f6 16.exf6 exf6
17.a4 a6 18.Nf4 Re8 19.Rfe1 Qd7 20.f3 Nd5 21.Nxd5 Bxd5 22.Bf4 Bf8 23.Be4 Rac8
24.axb5 Bxe4 25.fxe4 axb5 26.e5 fxe5 27.Bxe5 Qd5 28.Ra7 Re7 29.Rxe7 Bxe7
30.Qh6 Bf8 31.Qf4 Qf7 32.Qe4 b4 33.Rf1 Qd7 34.cxb4 Bxb4 35.d5 Bc5+ 36.Kh1 Bd6
37.Bc3 Bf8 38.h3 Bg7 39.Bxg7 Kxg7 40.Qe5+ Kg8 41.d6 c3  1/2-1/2

[Event "CZE-chT"]
[Site "?"]
[Date "1993.??.??"]
[Round "?"]
[White "Zpevak, Pavel"]
[Black "Hausner, Ivan"]
[Result "1-0"]
[WhiteElo "2330"]
[BlackElo "2465"]

1.d4 Nf6 2.c4 g6 3.Nc3 d5 4.cxd5 Nxd5 5.e4 Nxc3 6.bxc3 Bg7 7.Nf3 c5 8.Rb1 O-O
9.Be2 cxd4 10.cxd4 Qa5+ 11.Bd2 Qxa2 12.O-O Qe6 13.Qc2 b6 14.d5 Qd7 15.Qa2 Bb7
16.Bf4 Qg4 17.Qd2 Ba6 18.Rfc1 Bxe2 19.h3 Qh5 20.Qxe2 a5 21.Rxb6 a4 22.Rc7 a3
23.Qa2 Bh6 24.Be5 Na6 25.Rc3 Nb8 26.Rb7 Na6 27.Qxa3 Bd2 28.Rcb3 Bg5 29.Nxg5 Qxg5
30.Qxe7 Qxe7 31.Rxe7 Nc5 32.Re3 Rfd8 33.Bd4 Rac8 34.Rc3 Na6 35.Rxc8 Rxc8
36.d6 Ra8 37.Rb7 Nb8 38.d7 Nc6 39.Bf6 Rf8 40.Rc7  1-0

[Event "Doha"]
[Site "Doha"]
[Date "1993.??.??"]
[Round "3"]
[White "Abou el Zein, Eid Mahmoud"]
[Black "Kouatly, Bachar"]
[Result "1/2-1/2"]
[WhiteElo "2325"]
[BlackElo "2520"]

1.d4 Nf6 2.c4 g6 3.Nc3 d5 4.cxd5 Nxd5 5.e4 Nxc3 6.bxc3 Bg7 7.Nf3 c5 8.Rb1 O-O
9.Be2 b6 10.O-O Bb7 11.Qc2 e6 12.Rd1 Nd7 13.d5 exd5 14.exd5 c4 15.Ba3 Re8
16.Bxc4 Rc8 17.Bb5 a6 18.Bxd7 Qxd7 19.Rxb6 Rxc3 20.Qb1 Bxd5 21.Rd6 Qb7 22.Bb2 Rc6
23.R6xd5 Qxb2 24.Rd8 Rc8 25.Rxe8+ Rxe8 26.Qxb2 Bxb2 27.Rd2 Rb8 28.Kf1 h6
29.Rd3 Bg7 30.Ke2 Rb4 31.Ra3 Rb2+ 32.Nd2 Bf8 33.Rxa6 Bb4 34.Ra8+ Kg7 35.Rd8 Rxa2
36.Rd3 g5 37.g4 Ba5 38.Ke3 Bc7 39.h3 Bf4+ 40.Ke2 Kf6 41.Ke1 Bxd2+ 42.Rxd2 Ra3
43.Rd6+ Kg7 44.h4 gxh4 45.Rd5 Ra4 46.f3 Ra1+ 47.Kf2  1/2-1/2

[Event "Doha"]
[Site "Doha"]
[Date "1993.??.??"]
[Round "6"]
[White "Sakaev, Konstantin"]
[Black "Kouatly, Bachar"]
[Result "1-0"]
[WhiteElo "2540"]
[BlackElo "2520"]

1.d4 Nf6 2.c4 g6 3.Nc3 d5 4.cxd5 Nxd5 5.e4 Nxc3 6.bxc3 Bg7 7.Nf3 c5 8.Rb1 O-O
9.Be2 Qa5 10.O-O Qxa2 11.Bg5 cxd4 12.cxd4 Re8 13.d5 b6 14.e5 e6 15.d6 h6
16.Be3 Ba6 17.Bxa6 Nxa6 18.Ra1 Qc4 19.Ra4 Nb4 20.Bd2 a5 21.Bxb4 b5 22.d7 bxa4
23.dxe8=Q+ Rxe8 24.Bd6 Rc8 25.Qd2 Qb5 26.h3 g5 27.Rc1 Rd8 28.Qc2 Qb3 29.Qc7 Ra8
30.Qc6 Rd8 31.Ra1 a3 32.Rxa3 Qb1+ 33.Kh2 Qb2 34.Rxa5 Qxf2 35.Qc7  1-0

[Event "Doha"]
[Site "Doha"]
[Date "1993.??.??"]
[Round "8"]
[White "Al Khateeb, Ahmed"]
[Black "Kouatly, Bachar"]
[Result "1/2-1/2"]
[WhiteElo "2300"]
[BlackElo "2520"]

1.d4 Nf6 2.c4 g6 3.Nc3 d5 4.cxd5 Nxd5 5.e4 Nxc3 6.bxc3 Bg7 7.Be3 c5 8.Qd2 Qa5
9.Rc1 cxd4 10.cxd4 Qxd2+ 11.Kxd2 O-O 12.Rc7 Rd8 13.Bb5 Bxd4 14.Bxd4 Rxd4+
15.Ke3 Rd8 16.Rxe7 Be6 17.Nf3 a6 18.Ba4 b5 19.Bb3 Nc6  1/2-1/2

[Event "Dortmund op-A"]
[Site "Dortmund"]
[Date "1993.??.??"]
[Round "2"]
[White "Reinemer, Frank"]
[Black "Lingnau, Carsten"]
[Result "0-1"]
[WhiteElo "2275"]
[BlackElo "2415"]

1.d4 Nf6 2.c4 g6 3.Nc3 d5 4.cxd5 Nxd5 5.e4 Nxc3 6.bxc3 Bg7 7.Bc4 c5 8.Ne2 Nc6
9.Be3 O-O 10.Rc1 cxd4 11.cxd4 Qa5+ 12.Kf1 Bd7 13.h4 Rfc8 14.h5 Nd8 15.hxg6 hxg6
16.Qd3 b5 17.Bb3 b4 18.e5 Bf5 19.Qd2 Qb5 20.Re1 Qd3 21.Qxb4 Nc6 22.Qd2 Rd8
23.Qxd3 Bxd3 24.Rd1 Nxd4 25.Rxd3 Nxb3 26.Rxd8+ Rxd8 27.Ke1 Na1 28.Nd4 Rxd4
29.Bxd4 Nc2+ 30.Kd2 Nxd4 31.f4 f6 32.exf6 Bxf6 33.Rc1 Ne6 34.Ke3 Bd4+ 35.Ke4 Bb6
36.g3 Nc5+ 37.Kd5 Nd3 38.Rc4 Kf7 39.Ke4 Nc5+ 40.Kd5 Nd7 41.Ke4 Nf6+ 42.Kf3 Ne8
43.Re4 Nd6 44.Re1 Kf6 45.Re5 Nf7 46.Rb5 g5 47.a4 gxf4 48.a5 Nd6 49.Rh5 Bd4
50.gxf4 Ke6 51.Ke2 Kd7 52.Kd3 Bf6 53.Rc5 Nb7 54.Rh5 Kc6 55.Kc4 a6 56.Kb4 Bd4
57.Rh7 Bc5+ 58.Ka4 Bd6 59.f5 Nc5+ 60.Kb4 Nb7+ 61.Ka4 Nc5+ 62.Kb4 Kd5 63.Rh5 Nd7+
64.Kc3 Nf6 65.Rh8 Kc5  0-1

[Event "Dortmund op-A"]
[Site "Dortmund"]
[Date "1993.??.??"]
[Round "9"]
[White "Hausrath, Daniel"]
[Black "Himmel, Hansjoerg"]
[Result "1-0"]
[WhiteElo "2260"]
[BlackElo "2360"]

1.d4 Nf6 2.c4 g6 3.Nc3 d5 4.cxd5 Nxd5 5.e4 Nxc3 6.bxc3 Bg7 7.Bb5+ c6 8.Ba4 O-O
9.Ne2 b5 10.Bb3 Bb7 11.O-O c5 12.d5 Nd7 13.Be3 Qc7 14.Qd2 Rad8 15.a4 c4 16.Bc2 b4
17.cxb4 Bxa1 18.Rxa1 e5 19.Nc3 a6 20.a5 Qd6 21.Na4 Rb8 22.Nc5 Rfc8 23.Qc3 f6
24.Qxc4 Rc7 25.Ba4 Nf8 26.Nxb7 Rbxb7 27.Bc5 Rxb4 28.Bxb4  1-0

[Event "Dortmund op-A"]
[Site "Dortmund"]
[Date "1993.??.??"]
[Round "10"]
[White "Hausrath, Daniel"]
[Black "Lingnau, Carsten"]
[Result "1/2-1/2"]
[WhiteElo "2260"]
[BlackElo "2415"]

1.d4 Nf6 2.c4 g6 3.Nc3 d5 4.cxd5 Nxd5 5.e4 Nxc3 6.bxc3 Bg7 7.Bb5+ c6 8.Ba4 b5
9.Bb3 b4 10.Qf3 O-O 11.Ne2 bxc3 12.Qxc3 Bb7 13.O-O c5 14.Qxc5 Bxe4 15.Rd1 Nd7
16.Qa3 Nf6 17.Nc3 Bf5 18.Bf4 Qd7 19.Rac1 Rac8 20.Qa4 Qxa4 21.Nxa4 Ne4 22.d5 Nd6
23.Be3 Nb5 24.f3 h5 25.Kf2 Bf6 26.Rxc8 Rxc8 27.Rc1 Rxc1 28.Bxc1 Bd4+ 29.Be3 Kf8
30.Bc4 Bxe3+ 31.Kxe3 Nd6 32.Be2 Ke8 33.g4 hxg4 34.fxg4 Bc2 35.Nc3 g5 36.Bd3 Bxd3
37.Kxd3 Kd7  1/2-1/2

[Event "Drobeta"]
[Site "Drobeta"]
[Date "1993.??.??"]
[Round "?"]
[White "Botvinnik, Ilia"]
[Black "Tomescu, Vlad"]
[Result "1/2-1/2"]
[WhiteElo "2395"]
[BlackElo "2435"]

1.c4 Nf6 2.Nc3 d5 3.cxd5 Nxd5 4.d4 g6 5.e4 Nxc3 6.bxc3 Bg7 7.Bc4 O-O 8.Ne2 b6
9.O-O Bb7 10.f3 c5 11.Be3 cxd4 12.cxd4 Nc6 13.Rc1 Na5 14.Bb5 a6 15.Bd3 e6
16.Qa4 Qe7 17.Rb1 Rfe8 18.Rxb6 Nc4 19.Bxc4  1/2-1/2

[Event "Drobeta"]
[Site "Drobeta"]
[Date "1993.??.??"]
[Round "?"]
[White "Vidoniak, Natali"]
[Black "Tomescu, Vlad"]
[Result "1-0"]
[WhiteElo "2285"]
[BlackElo "2435"]

1.c4 Nf6 2.d4 g6 3.Nc3 d5 4.cxd5 Nxd5 5.e4 Nxc3 6.bxc3 Bg7 7.Bb5+ c6 8.Ba4 O-O
9.Ne2 Nd7 10.Be3 e5 11.Bb3 Qe7 12.f3 Kh8 13.O-O Rd8 14.Qc2 Nb6 15.Rad1 Be6
16.Bf2 Nc4 17.f4 Na3 18.Qb2 exf4 19.Nxf4 Bc4 20.Rfe1 a5 21.Bxc4 Nxc4 22.Qe2 Nd6
23.Qg4 Re8 24.Bh4 Qc7 25.e5 Nf5 26.Nh3  1-0

[Event "Dublin zt"]
[Site "Dublin"]
[Date "1993.??.??"]
[Round "5"]
[White "Sadler, Matthew"]
[Black "Clarke, Thomas"]
[Result "1-0"]
[WhiteElo "2540"]
[BlackElo "2205"]

1.d4 Nf6 2.c4 g6 3.Nc3 d5 4.cxd5 Nxd5 5.e4 Nxc3 6.bxc3 Bg7 7.Bb5+ c6 8.Ba4 b5
9.Bb3 b4 10.Qf3 O-O 11.Ne2 bxc3 12.O-O Ba6 13.Rd1 Nd7 14.Nxc3 c5 15.dxc5 e6
16.Bf4 Qc8 17.Rac1 Ne5 18.Qg3 Qc7 19.Rd6 Qxc5 20.Rxa6 Rfd8 21.Nd5 Qd4 22.Ne7+ Kf8
23.Nc6 Nxc6 24.Raxc6 Qxe4 25.Bg5 Be5 26.Qe3  1-0

[Event "Eger op"]
[Site "Eger"]
[Date "1993.??.??"]
[Round "4"]
[White "Zimmerman, Yuri"]
[Black "Halasz, Csaba"]
[Result "1-0"]
[WhiteElo "2360"]
[BlackElo "2215"]

1.d4 Nf6 2.c4 g6 3.Nc3 d5 4.cxd5 Nxd5 5.e4 Nxc3 6.bxc3 Bg7 7.Nf3 c5 8.Rb1 O-O
9.Be2 cxd4 10.cxd4 Qa5+ 11.Qd2 Qxd2+ 12.Bxd2 e6 13.O-O b6 14.Bb4 Rd8 15.Rbc1 Bb7
16.Rc7 Bxe4 17.Ng5 Nc6 18.Bc3 Bd5 19.Ba6 Bxd4 20.Bxd4 Nxd4 21.Nxf7 Rf8 22.Nh6+ Kh8
23.Nf7+ Kg8 24.Nh6+ Kh8 25.Rfc1 b5 26.R1c5 Ne2+ 27.Kf1 Nf4 28.f3 Bc4+ 29.Kg1 Rad8
30.Bxb5 Rd1+ 31.Kf2 Rd2+ 32.Ke1 Re2+ 33.Kf1 Rb8 34.Rxc4  1-0

[Event "Eger op"]
[Site "Eger"]
[Date "1993.??.??"]
[Round "7"]
[White "Goczan, Laszlo"]
[Black "Karacsony, Attila"]
[Result "0-1"]
[WhiteElo "2205"]
[BlackElo "2250"]

1.d4 Nf6 2.c4 g6 3.Nc3 d5 4.cxd5 Nxd5 5.e4 Nxc3 6.bxc3 Bg7 7.Bb5+ c6 8.Ba4 b5
9.Bb3 b4 10.Qf3 O-O 11.Ne2 bxc3 12.Qxc3 Bb7 13.Qb4 Ba6 14.Be3 Nd7 15.Rc1 c5
16.Qd2 cxd4 17.Bxd4 Ne5 18.Bxe5 Bxe5 19.Bc4 Bxc4 20.Rxc4 Rb8 21.Qc2 Rb2  0-1

[Event "Elenite"]
[Site "Elenite"]
[Date "1993.??.??"]
[Round "10"]
[White "Vyzmanavin, Alexey"]
[Black "Tukmakov, Vladimir B"]
[Result "1-0"]
[WhiteElo "2605"]
[BlackElo "2600"]

1.d4 Nf6 2.c4 g6 3.Nc3 d5 4.cxd5 Nxd5 5.e4 Nxc3 6.bxc3 Bg7 7.Bb5+ c6 8.Ba4 b5
9.Bb3 b4 10.Be3 bxc3 11.Rc1 Nd7 12.Ne2 O-O 13.e5 c5 14.f4 cxd4 15.Qxd4 Ba6
16.Nxc3 Rc8 17.Kf2 Nc5 18.Qxd8 Rfxd8 19.Bxc5 Rxc5 20.Ne4 Rxc1 21.Rxc1 Rc8
22.Rd1 Bb5 23.g4 h6 24.Ke3 Kf8 25.Rd5 Bc6 26.Ra5 Bxe4 27.Kxe4 g5 28.f5 Rc1
29.Rb5 Re1+ 30.Kd4 Kg8 31.Rb8+ Bf8 32.Rb7 Rf1 33.f6 Rf4+ 34.Kd3 e6 35.Rxa7 Rxg4
36.Ba4 Bc5 37.Ra8+ Kh7 38.Bc2  1-0

[Event "ESP-ch playoff"]
[Site "?"]
[Date "1993.??.??"]
[Round "2"]
[White "Comas Fabrego, Luis"]
[Black "Fernandez Garcia, Jose L"]
[Result "1/2-1/2"]
[WhiteElo "2435"]
[BlackElo "2445"]

1.d4 Nf6 2.c4 g6 3.Nc3 d5 4.cxd5 Nxd5 5.e4 Nxc3 6.bxc3 Bg7 7.Qa4+ Nd7 8.Nf3 c5
9.Bg5 h6 10.Be3 O-O 11.Rb1 cxd4 12.cxd4 Nb6 13.Qb3 Bg4 14.Be2 Rc8 15.O-O Bxf3
16.Bxf3 Bxd4 17.Bxh6 Rc3  1/2-1/2